| 000 | 00375cam a22001337a 4500 | ||
|---|---|---|---|
| 008 | 180718b1998 xxu||||| |||| 00| 0 eng d | ||
| 020 | _a8186030662 | ||
| 082 | _aB131x54 M691 | ||
| 100 | _aMisra, R.P. | ||
| 245 |
_aUrbanization in India: challenges and opportunities _cby R.P Misra |
||
| 260 |
_aNew Delhi _bRegency _c1998 |
||
| 300 | _a106p. | ||
| 650 | _aUrbanization - India | ||
| 999 |
_c388059 _d388059 |
||